| 000 | 00412nam a22001337a 4500 | ||
|---|---|---|---|
| 020 | _qHB. | ||
| 040 | _cFIZZA ISHAQ | ||
| 082 |
_a364 _bALE |
||
| 100 |
_aKLEIN,ALEXANDER. _9133585 |
||
| 245 |
_aGRAND DECEPTION THE WORLD'S MOST SPECTACULAR AND SUCCESSFUL HOAXES IMPOSTURES RUSES AND FRAUDS / _cALEXANDER KLEIN. |
||
| 260 |
_aLONDON ; _bFABER AND FABER, _c1995. |
||
| 300 |
_a413 P. ; _c9.1X5.9IN |
||
| 942 |
_2ddc _cBK |
||
| 999 |
_c616643 _d616643 |
||